Statistics for NBA Teams

Click here to take the quiz!

General Stats

  • This quiz has been taken 7 times
  • The average score is 23 of 30

Answer Stats

HintAnswer% Correct
ATLANTICCeltics
100%
SOUTHWESTPelicans
100%
SOUTHWESTSpurs
100%
PACIFICWarriors
100%
CENTRALBulls
83%
SOUTHEASTHawks
83%
PACIFICKings
83%
PACIFICLakers
83%
ATLANTICNets
83%
CENTRALPacers
83%
ATLANTICRaptors
83%
NORTHWESTTimberwolves
83%
ATLANTIC76ers
67%
NORTHWESTBlazers
67%
CENTRALBucks
67%
CENTRALCavaliers
67%
PACIFICClippers
67%
SOUTHWESTGrizzlies
67%
SOUTHEASTHeat
67%
SOUTHEASTHornets
67%
NORTHWESTJazz
67%
ATLANTICKnicks
67%
SOUTHEASTMagic
67%
SOUTHWESTMavericks
67%
NORTHWESTNuggets
67%
CENTRALPistons
67%
SOUTHWESTRockets
67%
PACIFICSuns
67%
NORTHWESTThunder
67%
SOUTHEASTWizards
67%

Score Distribution

Percentile by Number Answered

Percent of People with Each Score

Your Score History

You have not taken this quiz